000 00644nam a2200181Ia 4500
005 20260114154819.0
008 008 250103s9999 xx 000 0 san d
037 _aTheses
040 _aCRL
_bhin
_cCRL
041 _asan
_2san
084 _qCRL
100 _aकुलदीप, ले.
_9866437
245 0 _aऋग्वेदानुक्रमणी का समीक्षात्मक अध्ययन
260 _aDelhi
_bदिल्ली विश्वविद्यालय. कला संकाय. संस्कृत विभाग
_c2018
300 _a359पृ0
942 _cTH
999 _c1468449
_d1468449